[Event "C14"]
[Site "?"]
[Date "2016.08.07"]
[Round "16.3"]
[White "Pacan-milej, Kosma"]
[Black "Szczurek, Krzysztof"]
[Result "1-0"]
[LiveChessVersion "1.4.8"]
[BlackElo "1939"]
[WhiteElo "1703"]

1. d4 {[%clk 0:03:03]} Nf6 {[%clk 0:03:03]} 2. Bg5 {[%clk 0:03:03]} e6
{[%clk 0:03:01]} 3. e4 {[%clk 0:03:04]} Be7 {[%clk 0:03:01]} 4. e5
{[%clk 0:02:59]} Nd5 {[%clk 0:03:02]} 5. Bxe7 {[%clk 0:02:59]} Qxe7
{[%clk 0:03:00]} 6. c3 {[%clk 0:02:37]} c5 {[%clk 0:02:59]} 7. Nf3
{[%clk 0:02:31]} d6 {[%clk 0:02:59]} 8. Bc4 {[%clk 0:01:47]} Nb6 {[%clk 0:02:57]}
9. Bb3 {[%clk 0:01:45]} Nc6 {[%clk 0:02:49]} 10. O-O {[%clk 0:01:43]} O-O
{[%clk 0:02:28]} 11. dxc5 {[%clk 0:01:41]} dxc5 {[%clk 0:02:29]} 12. Nbd2
{[%clk 0:01:39]} Rd8 {[%clk 0:02:27]} 13. Qe2 {[%clk 0:01:39]} Bd7
{[%clk 0:02:24]} 14. Ne4 {[%clk 0:01:35]} Nd5 {[%clk 0:02:09]} 15. Rad1
{[%clk 0:01:27]} Be8 {[%clk 0:02:05]} 16. g3 {[%clk 0:00:49]} b6 {[%clk 0:01:53]}
17. Rd2 {[%clk 0:00:50]} Na5 {[%clk 0:01:49]} 18. Rfd1 {[%clk 0:00:28]} Bc6
{[%clk 0:01:36]} 19. Nd6 {[%clk 0:00:24]} Nxb3 {[%clk 0:01:10]} 20. axb3
{[%clk 0:00:25]} Nc7 {[%clk 0:01:10]} 21. Ne1 {[%clk 0:00:22]} Ne8
{[%clk 0:01:03]} 22. Ng2 {[%clk 0:00:20]} Nxd6 {[%clk 0:00:42]} 23. exd6
{[%clk 0:00:21]} Qb7 {[%clk 0:00:43]} 24. Ne3 {[%clk 0:00:21]} Bf3
{[%clk 0:00:43]} 25. Qd3 {[%clk 0:00:18]} Bxd1 {[%clk 0:00:42]} 26. Rxd1
{[%clk 0:00:20]} Rd7 {[%clk 0:00:37]} 27. Nc4 {[%clk 0:00:21]} Rad8
{[%clk 0:00:32]} 28. Qe3 {[%clk 0:00:13]} b5 {[%clk 0:00:22]} 29. Ne5
{[%clk 0:00:04]} Rxd6 {[%clk 0:00:22]} 30. Rxd6 {[%clk 0:00:04]} Rxd6
{[%clk 0:00:23]} 31. f3 {[%clk 0:00:04]} f6 {[%clk 0:00:21]} 32. Ng4
{[%clk 0:00:04]} Qc6 {[%clk 0:00:21]} 33. Nf2 {[%clk 0:00:04]} f5
{[%clk 0:00:20]} 34. Nh3 {[%clk 0:00:03]} Qd5 {[%clk 0:00:20]} 35. Nf4
{[%clk 0:00:04]} Qd1+ {[%clk 0:00:20]} 36. Kg2 {[%clk 0:00:06]} Rd2+
{[%clk 0:00:10]} 37. Kh3 {[%clk 0:00:07]} Qf1+ {[%clk 0:00:11]} 38. Kh4
{[%clk 0:00:08]} Rxh2+ {[%clk 0:00:05]} 39. Kg5 {[%clk 0:00:09]} Rh6
{[%clk 0:00:04]} 40. Qxc5 {[%clk 0:00:08]} Rg6+ {[%clk 0:00:03]} 41. Nxg6
{[%clk 0:00:09]} hxg6 {[%clk 0:00:04]} 42. Qc8+ {[%clk 0:00:09]} Kh7
{[%clk 0:00:06]} 43. Qxe6 {[%clk 0:00:09]} Qxf3 {[%clk 0:00:05]} 44. Qxg6+ Kg8
{[%clk 0:00:06]} 45. Qe8+ {[%clk 0:00:11]} Kh7 {[%clk 0:00:07]} 46. Qg6+
{[%clk 0:00:11]} Kg8 {[%clk 0:00:07]} 47. Qe6+ {[%clk 0:00:12]} Kf8
{[%clk 0:00:07]} 48. Qxf5+ {[%clk 0:00:11]} Qxf5+ {[%clk 0:00:08]} 49. Kxf5
{[%clk 0:00:12]} Kf7 {[%clk 0:00:09]} 50. g4 {[%clk 0:00:14]} g6+
{[%clk 0:00:10]} 51. Kg5 {[%clk 0:00:14]} Kg7 {[%clk 0:00:11]} 52. b4
{[%clk 0:00:14]} a6 {[%clk 0:00:11]} 53. b3 Kf7 54. c4 {[%clk 0:00:16]} bxc4
{[%clk 0:00:12]} 55. bxc4 {[%clk 0:00:17]} Ke6 {[%clk 0:00:13]} 56. Kxg6 Ke5 57.
Kh6 {[%clk 0:00:18]} Kd4 {[%clk 0:00:16]} 58. c5 {[%clk 0:00:18]} Kc4
{[%clk 0:00:18]} 59. c6 {[%clk 0:00:19]} Kd5 1-0

[Event "C14"]
[Site "?"]
[Date "2016.08.07"]
[Round "16.4"]
[White "Kokoszczynski, Jan"]
[Black "Ochowicz, Jakub"]
[Result "1/2-1/2"]
[LiveChessVersion "1.4.8"]
[BlackElo "1786"]
[WhiteElo "1837"]

1. e4 {[%clk 0:03:04]} c5 {[%clk 0:03:01]} 2. Nf3 e6 {[%clk 0:03:01]} 3. d4
{[%clk 0:03:06]} cxd4 {[%clk 0:03:02]} 4. Nxd4 {[%clk 0:03:07]} a6
{[%clk 0:03:04]} 5. Bd3 {[%clk 0:03:08]} Nf6 {[%clk 0:03:04]} 6. O-O
{[%clk 0:03:08]} Qc7 {[%clk 0:03:06]} 7. Qe2 {[%clk 0:03:09]} d6 {[%clk 0:03:07]}
8. c4 {[%clk 0:03:10]} Nbd7 {[%clk 0:03:05]} 9. Nc3 {[%clk 0:03:09]} g6
{[%clk 0:03:05]} 10. Be3 {[%clk 0:03:08]} Bg7 {[%clk 0:03:06]} 11. f3
{[%clk 0:03:04]} O-O {[%clk 0:03:06]} 12. Rfd1 {[%clk 0:03:06]} b6
{[%clk 0:03:08]} 13. Rac1 {[%clk 0:03:07]} Bb7 {[%clk 0:03:09]} 14. Kh1
{[%clk 0:03:08]} Rac8 {[%clk 0:03:08]} 15. Qf2 {[%clk 0:02:59]} Rfe8
{[%clk 0:03:03]} 16. b3 {[%clk 0:02:37]} Qb8 {[%clk 0:02:42]} 17. a4
{[%clk 0:02:04]} Bf8 {[%clk 0:02:33]} 18. Nc2 {[%clk 0:02:01]} Ba8
{[%clk 0:02:23]} 19. b4 {[%clk 0:01:33]} Ne5 {[%clk 0:02:09]} 20. Bxb6
{[%clk 0:01:23]} Nxd3 {[%clk 0:02:09]} 21. Rxd3 {[%clk 0:01:24]} Rxc4
{[%clk 0:02:09]} 22. a5 {[%clk 0:01:11]} Nd7 {[%clk 0:02:01]} 23. Bd4
{[%clk 0:00:55]} Ne5 {[%clk 0:02:00]} 24. Rdd1 {[%clk 0:00:42]} 1/2-1/2

[Event "C14"]
[Site "?"]
[Date "2016.08.07"]
[Round "16.5"]
[White "Polczyk, Mikolaj"]
[Black "Kozak, Antoni"]
[Result "0-1"]
[LiveChessVersion "1.4.8"]
[BlackElo "1772"]
[WhiteElo "1830"]

1. e4 c6 2. d4 d5 3. Nd2 dxe4 4. Nxe4 Bf5 5. Ng3 Bg6 6. h4 h6 7. f4 e6 8. Nf3 Nd7
9. h5 Bh7 10. Bd3 Bxd3 11. Qxd3 Qc7 12. Bd2 Bd6 13. Ne5 Ngf6 14. O-O-O c5 15.
dxc5 Nxc5 16. Qe2 O-O-O 17. Kb1 Kb8 18. Rhe1 Rc8 19. Bc1 Rhd8 20. Qf2 Nd5 21. Rd4
f6 22. Nc4 Bf8 23. Red1 Nb6 24. Nxb6 Qxb6 25. Rxd8 Rxd8 26. Rxd8+ Qxd8 27. a3 Qd5
28. Be3 b6 29. Ne2 Qxh5 30. Nd4 Qd5 31. Qe2 Ne4 32. c4 Qd7 33. Bg1 f5 34. g4 Bc5
35. Nf3 Bxg1 36. Nxg1 Qc6 37. gxf5 exf5 38. Nf3 Qd6 39. Ne5 g5 40. Nf7 Qxf4 41.
Qd3 Qf1+ 42. Ka2 Qxd3 0-1

[Event "C14"]
[Site "?"]
[Date "2016.08.07"]
[Round "17.1"]
[White "Szpar, Milosz"]
[Black "Kosakowski, Jakub"]
[Result "0-1"]
[LiveChessVersion "1.4.8"]
[BlackElo "2191"]
[WhiteElo "2000"]

1. e4 {[%clk 0:03:03]} c5 {[%clk 0:03:03]} 2. Nf3 {[%clk 0:03:04]} d6
{[%clk 0:03:04]} 3. d4 {[%clk 0:03:05]} cxd4 {[%clk 0:03:06]} 4. Qxd4
{[%clk 0:03:06]} Nc6 {[%clk 0:03:02]} 5. Bb5 {[%clk 0:03:06]} Bd7
{[%clk 0:03:03]} 6. Bxc6 {[%clk 0:03:06]} Bxc6 {[%clk 0:03:04]} 7. Nc3
{[%clk 0:03:07]} Nf6 {[%clk 0:03:05]} 8. Bg5 {[%clk 0:03:07]} e6 {[%clk 0:03:05]}
9. Qd3 {[%clk 0:03:01]} Be7 {[%clk 0:03:05]} 10. O-O-O {[%clk 0:03:01]} O-O
{[%clk 0:03:05]} 11. Nd4 {[%clk 0:03:00]} Qa5 {[%clk 0:03:05]} 12. f4
{[%clk 0:03:01]} Rfc8 {[%clk 0:03:02]} 13. g4 {[%clk 0:02:42]} Rab8
{[%clk 0:02:44]} 14. Bxf6 {[%clk 0:02:35]} Bxf6 {[%clk 0:02:44]} 15. g5
{[%clk 0:02:36]} Bxd4 {[%clk 0:02:42]} 16. Qxd4 {[%clk 0:02:37]} b5
{[%clk 0:02:43]} 17. Kb1 {[%clk 0:02:30]} b4 {[%clk 0:02:43]} 18. Ne2
{[%clk 0:02:31]} d5 {[%clk 0:02:37]} 19. e5 {[%clk 0:02:10]} Bb5 {[%clk 0:02:37]}
20. Nc1 {[%clk 0:02:08]} Rc4 {[%clk 0:02:35]} 21. Qf2 {[%clk 0:02:05]} Rbc8
{[%clk 0:02:32]} 22. Rd2 {[%clk 0:01:54]} Qc7 {[%clk 0:02:27]} 23. Nb3
{[%clk 0:01:47]} a5 {[%clk 0:02:27]} 24. Nd4 {[%clk 0:01:45]} Ba6
{[%clk 0:02:27]} 25. f5 {[%clk 0:01:32]} exf5 {[%clk 0:02:00]} 26. Nxf5
{[%clk 0:01:33]} Qxe5 {[%clk 0:01:53]} 27. Nd4 {[%clk 0:00:52]} Re8
{[%clk 0:01:46]} 28. Re2 {[%clk 0:00:49]} Qb8 {[%clk 0:01:46]} 29. Rxe8+
{[%clk 0:00:45]} Qxe8 {[%clk 0:01:47]} 30. Re1 {[%clk 0:00:46]} Qb8
{[%clk 0:01:47]} 31. Nf5 {[%clk 0:00:39]} Rf4 {[%clk 0:01:41]} 32. Ne7+
{[%clk 0:00:41]} Kh8 {[%clk 0:01:42]} 33. Qg3 {[%clk 0:00:30]} Qd6
{[%clk 0:01:16]} 34. Nxd5 {[%clk 0:00:25]} Rf1 {[%clk 0:01:17]} 35. Ne3
{[%clk 0:00:20]} Qxg3 {[%clk 0:01:17]} 0-1

[Event "C14"]
[Site "?"]
[Date "2016.08.07"]
[Round "17.2"]
[White "Teclaf, Pawel"]
[Black "Pultorak, Jan"]
[Result "1-0"]
[LiveChessVersion "1.4.8"]
[BlackElo "1821"]
[WhiteElo "2233"]

1. e4 {[%clk 0:03:03]} c5 {[%clk 0:03:04]} 2. Nf3 {[%clk 0:03:05]} d6
{[%clk 0:03:05]} 3. d4 {[%clk 0:03:06]} Nf6 {[%clk 0:03:07]} 4. Nc3
{[%clk 0:03:07]} cxd4 5. Nxd4 {[%clk 0:03:08]} a6 {[%clk 0:03:09]} 6. Bc4
{[%clk 0:03:08]} e6 {[%clk 0:03:07]} 7. Bb3 {[%clk 0:03:10]} b5 {[%clk 0:03:06]}
8. Bg5 {[%clk 0:03:04]} Be7 {[%clk 0:03:04]} 9. Qf3 {[%clk 0:03:05]} Qc7
{[%clk 0:03:03]} 10. e5 {[%clk 0:03:05]} Bb7 {[%clk 0:02:50]} 11. exd6
{[%clk 0:03:06]} Bxd6 {[%clk 0:02:38]} 12. Qe3 {[%clk 0:03:07]} Bc5
{[%clk 0:01:59]} 13. O-O-O {[%clk 0:03:08]} Nc6 {[%clk 0:01:35]} 14. Qxe6+
{[%clk 0:03:09]} fxe6 {[%clk 0:01:34]} 15. Nxe6 {[%clk 0:03:10]} Qb6
{[%clk 0:00:28]} 16. Rhe1 {[%clk 0:03:11]} Kf7 {[%clk 0:00:12]} 17. Nf4+
{[%clk 0:02:47]} Kf8 {[%clk 0:00:12]} 18. Ne6+ {[%clk 0:02:48]} Kf7
{[%clk 0:00:14]} 19. Nf4+ {[%clk 0:02:15]} Kf8 {[%clk 0:00:15]} 20. Ne6+
{[%clk 0:02:15]} Kf7 {[%clk 0:00:16]} 21. Bxf6 {[%clk 0:01:09]} gxf6
{[%clk 0:00:17]} 22. Nd5 {[%clk 0:01:10]} Qa5 {[%clk 0:00:12]} 23. Nxc5
{[%clk 0:01:10]} Kg6 {[%clk 0:00:07]} 24. Nxb7 {[%clk 0:01:09]} Qxe1 25. Rxe1
Rab8 {[%clk 0:00:05]} 26. Nd6 {[%clk 0:01:09]} Nd4 {[%clk 0:00:06]} 27. Nf4+
{[%clk 0:01:06]} Kg7 {[%clk 0:00:07]} 28. Re4 {[%clk 0:01:02]} Nxb3+
{[%clk 0:00:08]} 29. axb3 {[%clk 0:01:04]} Rb6 30. Nf5+ {[%clk 0:01:04]} Kf7
{[%clk 0:00:09]} 31. Re7+ {[%clk 0:01:06]} Kf8 {[%clk 0:00:10]} 32. Ra7
{[%clk 0:01:07]} Rb8 {[%clk 0:00:05]} 33. Ne6+ {[%clk 0:01:07]} Ke8
{[%clk 0:00:05]} 34. Nfg7# 1-0

[Event "C14"]
[Site "?"]
[Date "2016.08.07"]
[Round "17.3"]
[White "Psyk, Radoslaw"]
[Black "Ochowicz, Jakub"]
[Result "0-1"]
[LiveChessVersion "1.4.8"]
[BlackElo "1786"]
[WhiteElo "2089"]

1. e4 {[%clk 0:03:02]} c5 {[%clk 0:03:04]} 2. Nf3 {[%clk 0:03:02]} d6
{[%clk 0:03:05]} 3. c3 {[%clk 0:03:03]} Nf6 {[%clk 0:03:06]} 4. Be2
{[%clk 0:03:04]} Nc6 {[%clk 0:03:04]} 5. d4 {[%clk 0:03:05]} cxd4
{[%clk 0:02:55]} 6. cxd4 {[%clk 0:03:06]} Bd7 {[%clk 0:02:46]} 7. Nc3
{[%clk 0:03:02]} e6 {[%clk 0:02:36]} 8. O-O {[%clk 0:03:00]} Be7 {[%clk 0:02:37]}
9. e5 {[%clk 0:02:51]} Nd5 {[%clk 0:02:23]} 10. Ne4 {[%clk 0:01:59]} dxe5
{[%clk 0:02:19]} 11. dxe5 {[%clk 0:01:50]} Qc7 {[%clk 0:01:49]} 12. Bb5
{[%clk 0:01:22]} a6 {[%clk 0:01:46]} 13. Ba4 {[%clk 0:01:24]} b5 {[%clk 0:01:25]}
14. Bb3 {[%clk 0:01:21]} Nxe5 {[%clk 0:01:18]} 15. Bxd5 {[%clk 0:01:09]} exd5
{[%clk 0:01:11]} 16. Neg5 {[%clk 0:00:31]} Nxf3+ {[%clk 0:00:58]} 17. Qxf3
{[%clk 0:00:27]} O-O {[%clk 0:00:53]} 18. Qxd5 {[%clk 0:00:25]} Bc6
{[%clk 0:00:47]} 19. Qf5 {[%clk 0:00:21]} Bxg5 {[%clk 0:00:36]} 20. Bxg5
{[%clk 0:00:22]} Bd7 {[%clk 0:00:31]} 21. Qf3 {[%clk 0:00:21]} Be6
{[%clk 0:00:29]} 22. Rac1 {[%clk 0:00:21]} Qa5 {[%clk 0:00:28]} 23. a3
{[%clk 0:00:19]} Rac8 {[%clk 0:00:25]} 24. Qg3 {[%clk 0:00:20]} Kh8
{[%clk 0:00:20]} 25. Be7 {[%clk 0:00:21]} Rxc1 {[%clk 0:00:12]} 26. Rxc1
{[%clk 0:00:22]} Qd2 {[%clk 0:00:13]} 27. Bg5 {[%clk 0:00:12]} Qd5
{[%clk 0:00:11]} 28. h4 h6 {[%clk 0:00:12]} 29. Be7 {[%clk 0:00:12]} Re8
{[%clk 0:00:10]} 30. Bb4 {[%clk 0:00:13]} f6 {[%clk 0:00:05]} 31. Bc3
{[%clk 0:00:11]} Kh7 {[%clk 0:00:05]} 32. Re1 {[%clk 0:00:11]} Bf7
{[%clk 0:00:06]} 33. Rxe8 Bxe8 34. Qe3 {[%clk 0:00:10]} Bg6 {[%clk 0:00:07]} 35.
Qe7 {[%clk 0:00:10]} Qf5 {[%clk 0:00:04]} 36. Qa7 {[%clk 0:00:08]} Qb1+
{[%clk 0:00:04]} 37. Kh2 {[%clk 0:00:10]} Qe4 {[%clk 0:00:05]} 38. Qxa6
{[%clk 0:00:06]} Qxh4+ {[%clk 0:00:06]} 39. Kg1 Qg5 {[%clk 0:00:06]} 40. Qa7
{[%clk 0:00:06]} Qc1+ {[%clk 0:00:05]} 41. Kh2 {[%clk 0:00:07]} Qf4+
{[%clk 0:00:06]} 42. Kg1 {[%clk 0:00:07]} Qc1+ {[%clk 0:00:07]} 43. Kh2
{[%clk 0:00:08]} Qf4+ {[%clk 0:00:08]} 44. Kg1 {[%clk 0:00:09]} Qc1+
{[%clk 0:00:10]} 45. Kh2 {[%clk 0:00:11]} Qf4+ {[%clk 0:00:11]} 46. g3
{[%clk 0:00:12]} Qf3 {[%clk 0:00:07]} 47. Qe3 {[%clk 0:00:09]} Qh5+
{[%clk 0:00:07]} 48. Kg1 {[%clk 0:00:09]} Qd1+ {[%clk 0:00:08]} 49. Qe1
{[%clk 0:00:09]} Qf3 {[%clk 0:00:09]} 50. Qe3 {[%clk 0:00:10]} Qd1+
{[%clk 0:00:08]} 51. Be1 {[%clk 0:00:11]} Qd5 {[%clk 0:00:05]} 52. Bc3
{[%clk 0:00:09]} Qd1+ {[%clk 0:00:06]} 53. Kh2 {[%clk 0:00:09]} Qh5+
{[%clk 0:00:06]} 54. Kg1 {[%clk 0:00:10]} Qd1+ {[%clk 0:00:06]} 55. Qe1
{[%clk 0:00:12]} Qf3 {[%clk 0:00:07]} 56. Qe3 {[%clk 0:00:11]} Qd1+ 57. Be1 Qd5
{[%clk 0:00:06]} 58. b3 {[%clk 0:00:12]} Qh5 {[%clk 0:00:04]} 59. a4
{[%clk 0:00:13]} Bf5 {[%clk 0:00:04]} 60. axb5 {[%clk 0:00:11]} Bg4 61. Qd3+
{[%clk 0:00:08]} f5 {[%clk 0:00:03]} 62. b6 {[%clk 0:00:04]} Bf3 {[%clk 0:00:05]}
63. b4 {[%clk 0:00:04]} Qh1# {[%clk 0:00:06]} 0-1

[Event "C14"]
[Site "?"]
[Date "2016.08.07"]
[Round "17.4"]
[White "Polczyk, Mikolaj"]
[Black "Szczurek, Krzysztof"]
[Result "0-1"]
[LiveChessVersion "1.4.8"]
[BlackElo "1939"]
[WhiteElo "1830"]

1. e4 {[%clk 0:03:03]} c5 {[%clk 0:03:04]} 2. Nf3 {[%clk 0:03:04]} d6
{[%clk 0:03:05]} 3. d4 {[%clk 0:03:05]} cxd4 {[%clk 0:03:06]} 4. Nxd4
{[%clk 0:03:06]} Nf6 {[%clk 0:03:07]} 5. Nc3 {[%clk 0:03:08]} a6 {[%clk 0:03:09]}
6. Bg5 {[%clk 0:03:08]} e6 {[%clk 0:03:09]} 7. f4 {[%clk 0:03:09]} Be7
{[%clk 0:03:10]} 8. Qf3 {[%clk 0:03:09]} h6 {[%clk 0:03:11]} 9. Bh4
{[%clk 0:03:06]} g5 {[%clk 0:03:13]} 10. fxg5 {[%clk 0:02:47]} Nfd7
{[%clk 0:03:14]} 11. Qh5 {[%clk 0:02:40]} Ne5 {[%clk 0:02:54]} 12. O-O-O
{[%clk 0:02:18]} Bxg5+ {[%clk 0:02:51]} 13. Bxg5 {[%clk 0:02:17]} Qxg5+
{[%clk 0:02:52]} 14. Qxg5 hxg5 {[%clk 0:02:53]} 15. Be2 {[%clk 0:02:15]} Ke7
{[%clk 0:02:51]} 16. h3 {[%clk 0:01:56]} b5 {[%clk 0:02:49]} 17. Nf3
{[%clk 0:01:54]} Nxf3 {[%clk 0:02:39]} 18. Bxf3 {[%clk 0:01:53]} Bb7
{[%clk 0:02:36]} 19. Rhf1 {[%clk 0:01:44]} Nc6 {[%clk 0:02:31]} 20. Be2
{[%clk 0:01:27]} Ne5 {[%clk 0:02:27]} 21. a3 {[%clk 0:01:24]} Rac8
{[%clk 0:02:26]} 22. Rd4 {[%clk 0:01:22]} Rh4 {[%clk 0:02:15]} 23. Rfd1
{[%clk 0:01:14]} Rd8 {[%clk 0:01:51]} 24. b3 {[%clk 0:00:59]} Rf4
{[%clk 0:01:44]} 25. Kb2 {[%clk 0:00:56]} Rf2 {[%clk 0:01:33]} 26. Rf1
{[%clk 0:00:51]} Rxg2 {[%clk 0:01:22]} 27. Bd1 {[%clk 0:00:29]} Rg3
{[%clk 0:01:15]} 28. a4 {[%clk 0:00:27]} Nc6 {[%clk 0:01:10]} 29. Rd3
{[%clk 0:00:27]} Rxd3 {[%clk 0:01:08]} 30. cxd3 {[%clk 0:00:28]} bxa4
{[%clk 0:01:07]} 31. bxa4 {[%clk 0:00:27]} Ne5 {[%clk 0:01:06]} 32. d4
{[%clk 0:00:28]} Nc4+ {[%clk 0:01:06]} 33. Kc1 {[%clk 0:00:25]} Ne3
{[%clk 0:01:05]} 34. Rf3 {[%clk 0:00:25]} Nxd1 {[%clk 0:01:05]} 35. Kxd1
{[%clk 0:00:26]} f5 {[%clk 0:01:04]} 36. Re3 {[%clk 0:00:22]} f4 {[%clk 0:01:05]}
37. Re1 {[%clk 0:00:23]} Rc8 {[%clk 0:01:06]} 38. Kd2 {[%clk 0:00:24]} Kf6
{[%clk 0:01:05]} 39. Rb1 {[%clk 0:00:24]} Rc7 {[%clk 0:01:02]} 40. Rb6
{[%clk 0:00:25]} Ke7 {[%clk 0:01:00]} 41. d5 {[%clk 0:00:24]} f3 {[%clk 0:00:54]}
42. dxe6 {[%clk 0:00:22]} f2 {[%clk 0:00:52]} 43. Ke2 {[%clk 0:00:22]} Rxc3
{[%clk 0:00:52]} 44. Rxb7+ {[%clk 0:00:24]} Kxe6 45. Kxf2 {[%clk 0:00:25]} Rc4
{[%clk 0:00:54]} 46. Rg7 {[%clk 0:00:25]} Rxe4 {[%clk 0:00:50]} 47. Rxg5
{[%clk 0:00:26]} Rxa4 {[%clk 0:00:51]} 48. Rh5 {[%clk 0:00:15]} d5
{[%clk 0:00:48]} 49. Ke3 {[%clk 0:00:16]} Kd6 {[%clk 0:00:46]} 50. h4
{[%clk 0:00:15]} Kc5 {[%clk 0:00:47]} 51. Kd3 {[%clk 0:00:16]} Ra3+
{[%clk 0:00:48]} 52. Kd2 {[%clk 0:00:17]} Kc4 {[%clk 0:00:49]} 53. Rh8
{[%clk 0:00:17]} Ra2+ {[%clk 0:00:46]} 54. Ke3 {[%clk 0:00:17]} d4+
{[%clk 0:00:47]} 55. Ke4 {[%clk 0:00:18]} Re2+ {[%clk 0:00:48]} 56. Kf3
{[%clk 0:00:19]} Re7 {[%clk 0:00:40]} 57. Ra8 {[%clk 0:00:18]} Re6
{[%clk 0:00:40]} 58. Rc8+ {[%clk 0:00:18]} Kd3 {[%clk 0:00:41]} 59. h5
{[%clk 0:00:19]} Kd2 {[%clk 0:00:41]} 60. Kf2 {[%clk 0:00:18]} d3
{[%clk 0:00:39]} 61. Rc7 {[%clk 0:00:19]} Rh6 {[%clk 0:00:35]} 62. Rc5
{[%clk 0:00:19]} Rf6+ {[%clk 0:00:36]} 63. Kg3 {[%clk 0:00:19]} Ke2
{[%clk 0:00:37]} 64. Re5+ {[%clk 0:00:20]} Kd1 {[%clk 0:00:38]} 65. Rd5
{[%clk 0:00:21]} d2 {[%clk 0:00:39]} 66. Kh4 {[%clk 0:00:18]} Ke2
{[%clk 0:00:36]} 67. Kg5 {[%clk 0:00:17]} Rb6 {[%clk 0:00:36]} 68. h6
{[%clk 0:00:17]} d1=Q {[%clk 0:00:34]} 69. Rxd1 {[%clk 0:00:18]} Kxd1
{[%clk 0:00:35]} 70. h7 {[%clk 0:00:18]} Rb8 {[%clk 0:00:35]} 0-1

[Event "C14"]
[Site "?"]
[Date "2016.08.07"]
[Round "17.5"]
[White "Pacan-milej, Kosma"]
[Black "Mis, Mieszko"]
[Result "0-1"]
[LiveChessVersion "1.4.8"]
[BlackElo "1863"]
[WhiteElo "1703"]

1. d4 d6 2. Nf3 Bg4 3. e4 g6 4. Be2 Bg7 5. c4 Nd7 6. Nc3 Bxf3 7. Bxf3 e5 8. d5
Ne7 9. O-O O-O 10. Be3 f5 11. b4 Nf6 12. c5 fxe4 13. Bxe4 Nf5 14. Bxf5 gxf5 15.
cxd6 cxd6 16. f3 Rc8 17. Rc1 a6 18. Qd2 Qe8 19. a4 Qg6 20. b5 f4 21. Bf2 e4 22.
Nxe4 Nxe4 23. fxe4 Qxe4 24. bxa6 bxa6 25. Rxc8 Rxc8 26. Re1 Qxa4 27. Re6 Qa1+ 28.
Re1 Qf6 29. Re6 Qf5 30. h3 f3 31. Rxd6 fxg2 32. Rc6 Rd8 33. Kxg2 Qe4+ 34. Kg1
Rxd5 35. Rc8+ Kf7 36. Rc7+ Kf8 37. Rc8+ Ke7 38. Rc7+ Kd8 39. Qc1 Qg6+ 40. Kh1 Qd6
41. Rc8+ Kd7 42. Kg2 Rf5 43. Bg3 Qd5+ 44. Kh2 Be5 45. Bxe5 Qxe5+ 46. Kg2 Rg5+ 47.
Kh1 Qe4+ 48. Kh2 Qg2# 0-1

[Event "C14"]
[Site "?"]
[Date "2016.08.07"]
[Round "18.1"]
[White "Kosakowski, Jakub"]
[Black "Szpar, Milosz"]
[Result "1-0"]
[LiveChessVersion "1.4.8"]
[BlackElo "2000"]
[WhiteElo "2191"]

1. e4 c5 2. Nf3 {[%clk 0:03:04]} Nc6 {[%clk 0:03:06]} 3. Bb5 {[%clk 0:03:05]} g6
{[%clk 0:03:07]} 4. O-O {[%clk 0:03:06]} Bg7 {[%clk 0:03:07]} 5. Re1
{[%clk 0:03:07]} e5 {[%clk 0:03:09]} 6. d3 {[%clk 0:03:05]} Nge7 {[%clk 0:03:09]}
7. a4 {[%clk 0:03:05]} O-O {[%clk 0:03:07]} 8. h3 {[%clk 0:03:06]} a6
{[%clk 0:03:01]} 9. Bc4 {[%clk 0:03:07]} Rb8 {[%clk 0:02:45]} 10. Nc3
{[%clk 0:02:58]} Nd4 {[%clk 0:02:35]} 11. Nxd4 {[%clk 0:02:57]} cxd4
{[%clk 0:02:31]} 12. Nd5 {[%clk 0:02:53]} Nxd5 {[%clk 0:02:25]} 13. Bxd5
{[%clk 0:02:51]} d6 {[%clk 0:02:19]} 14. Bd2 {[%clk 0:02:50]} Qb6
{[%clk 0:02:08]} 15. a5 {[%clk 0:02:39]} Qd8 {[%clk 0:01:42]} 16. c3
{[%clk 0:02:39]} dxc3 {[%clk 0:01:42]} 17. bxc3 {[%clk 0:02:39]} Kh8
{[%clk 0:01:38]} 18. Qb3 {[%clk 0:02:39]} f5 {[%clk 0:01:37]} 19. Be6
{[%clk 0:02:24]} Bxe6 {[%clk 0:01:21]} 20. Qxe6 {[%clk 0:02:24]} f4
{[%clk 0:01:19]} 21. Reb1 {[%clk 0:02:16]} Rf6 {[%clk 0:00:53]} 22. Qd5
{[%clk 0:02:16]} Qd7 {[%clk 0:00:52]} 23. f3 {[%clk 0:02:13]} g5 {[%clk 0:00:53]}
24. Rb6 {[%clk 0:02:12]} Qc7 {[%clk 0:00:31]} 25. Rab1 {[%clk 0:02:11]} Qc5+
{[%clk 0:00:17]} 26. Qxc5 {[%clk 0:02:11]} dxc5 {[%clk 0:00:18]} 27. Rxb7
{[%clk 0:02:10]} Rd8 {[%clk 0:00:19]} 28. Rb8 {[%clk 0:02:05]} Rfd6
{[%clk 0:00:18]} 29. Rxd8+ {[%clk 0:02:05]} Rxd8 {[%clk 0:00:19]} 30. Kf2
{[%clk 0:02:01]} c4 {[%clk 0:00:13]} 31. Rb6 {[%clk 0:01:54]} Bf8
{[%clk 0:00:12]} 32. d4 {[%clk 0:01:44]} Bc5 {[%clk 0:00:06]} 33. Rc6
{[%clk 0:01:42]} Ba7 {[%clk 0:00:06]} 34. Rxc4 {[%clk 0:01:43]} exd4
{[%clk 0:00:05]} 35. cxd4 {[%clk 0:01:43]} Kg8 {[%clk 0:00:06]} 36. Bc3
{[%clk 0:01:44]} Rb8 {[%clk 0:00:08]} 37. Rc7 {[%clk 0:01:43]} Ra8
{[%clk 0:00:09]} 38. Ke2 {[%clk 0:01:43]} 1-0

[Event "C14"]
[Site "?"]
[Date "2016.08.07"]
[Round "18.2"]
[White "Pultorak, Jan"]
[Black "Teclaf, Pawel"]
[Result "1-0"]
[LiveChessVersion "1.4.8"]
[BlackElo "2233"]
[WhiteElo "1821"]

1. b3 {[%clk 0:03:04]} d5 {[%clk 0:02:56]} 2. Bb2 {[%clk 0:03:05]} Bg4
{[%clk 0:02:57]} 3. f3 {[%clk 0:03:06]} Bh5 {[%clk 0:02:56]} 4. e3
{[%clk 0:03:06]} Nc6 {[%clk 0:02:50]} 5. Ne2 {[%clk 0:03:06]} f6 {[%clk 0:02:50]}
6. d4 {[%clk 0:02:44]} e5 {[%clk 0:02:39]} 7. Ng3 {[%clk 0:02:35]} Bf7
{[%clk 0:02:35]} 8. Bb5 {[%clk 0:02:26]} Bb4+ {[%clk 0:02:29]} 9. c3
{[%clk 0:02:06]} Bd6 {[%clk 0:02:30]} 10. Nf5 {[%clk 0:02:02]} g6
{[%clk 0:02:13]} 11. Nxd6+ {[%clk 0:02:03]} Qxd6 {[%clk 0:02:14]} 12. Qd3
{[%clk 0:01:45]} Nge7 {[%clk 0:01:56]} 13. Ba3 {[%clk 0:01:39]} Qe6
{[%clk 0:01:52]} 14. Bxc6+ {[%clk 0:01:32]} Nxc6 {[%clk 0:01:51]} 15. O-O
{[%clk 0:01:25]} O-O-O {[%clk 0:01:50]} 16. Nd2 {[%clk 0:01:09]} Rde8
{[%clk 0:01:43]} 17. Rfe1 {[%clk 0:00:57]} g5 {[%clk 0:01:44]} 18. b4
{[%clk 0:00:43]} Bg6 {[%clk 0:01:31]} 19. e4 {[%clk 0:00:29]} Rd8
{[%clk 0:00:50]} 20. b5 {[%clk 0:00:29]} Nb8 {[%clk 0:00:51]} 21. Rac1
{[%clk 0:00:22]} Rhe8 {[%clk 0:00:41]} 22. Qe3 {[%clk 0:00:18]} Nd7 23. c4 exd4
{[%clk 0:00:35]} 24. Qxd4 {[%clk 0:00:13]} dxe4 {[%clk 0:00:36]} 25. Nxe4
{[%clk 0:00:13]} Kb8 {[%clk 0:00:31]} 26. c5 {[%clk 0:00:12]} Ne5
{[%clk 0:00:32]} 27. Qa4 {[%clk 0:00:11]} Nd3 {[%clk 0:00:33]} 28. b6
{[%clk 0:00:11]} cxb6 {[%clk 0:00:29]} 29. cxb6 {[%clk 0:00:12]} Qxb6+
{[%clk 0:00:30]} 30. Bd6+ 1-0